=LDR 00000nam 2200000 4500 =001 INLIS000000000006533 =005 20251111081247 =035 ##$$a 0010-1125000407 =007 ta =008 251111###########################0#eng## =082 ##$$a 338.9 =084 ##$$a 338.9 BAD o =100 #$$a Badan Koordinasi Keluarga Berencana Nasional =245 1#$$a OR Regional Workshop on the Development /$c Badan Koordinasi Keluarga Berencana Nasional =260 ##$:$b Badan Koordinasi Keluarga Berencana Nasional =300 ##$$a 11 Hal : $b Ilus ; $c 21 =650 #4$$a Keluarga Berencana =856 ##$$a Perpustakaan Kemendukbangga